00511nam a22001577a 4500003000400000005001700004008004100021040000800062082001800070100002500088245011700113260005700230300001100287630002500298700003000323OSt20181105122827.0181015b ||||| |||| 00| 0 eng d cDLC aREF 025bJ51E aJena, Pradeep Kumar. aAn Evaluative Study on Christian Evangelism and Its Implication Church Growth in India /cBy Pradeep Kumar Jena. aGreator Noida, UP :bHarvest Mission College,c2015. a83 p.: aInstitutional Thesis aTr. Jomon Joseph - Mentor